Statistics for KDL Lesson 3 Vocabulary - Cornish to English

Click here to take the quiz!

General Stats

  • This quiz has been taken 9 times
  • The average score is 9 of 35

Answer Stats

Cornish English % Correct
TruruTruro
75%
skol (f)school
50%
aga3their
25%
skrifennyades (f)secretary
25%
ple'mawhere is
25%
pur2very
25%
pymthekfifteen
25%
ragfor
25%
teylufamily
25%
soedhva (f)office
25%
myrgh (f)daughter
25%
ymais; there is
25%
yma dhedhathey have
25%
yma dhedhishe has
25%
yma dhodhohe has
25%
y'nin the
25%
ogas dhe2near
25%
mabson
25%
bloedhyears old
25%
gwerthjishop
25%
dewdhektwelve
25%
dhedhato them
25%
dhedhito her
25%
dhodhoto him
25%
ev a2 werthhe sells
25%
gwerther-lyvrowbook-seller
25%
gwreg (f)wife
25%
lyvrowbooks
25%
haand
25%
hanowname
25%
hi a obershe works
25%
hy3her
25%
kowethas-surheansinsurance company
25%
lowenhappy
25%
yns ithey are
0%

Score Distribution

Percentile by Number Answered

Percent of People with Each Score

Your Score History

You have not taken this quiz